|
|
|
|
| LEADER |
01526nam a2200445 i 4500 |
| 001 |
nkc20243637142 |
| 003 |
CZ PrNK |
| 005 |
20260202091015.0 |
| 007 |
ta |
| 008 |
250120s2024 xr a c 6 000 0 cze |
| 015 |
|
|
|a cnb003637142
|
| 020 |
|
|
|a 978-80-909226-3-1
|q (brožováno)
|
| 035 |
|
|
|a (OCoLC)1498299214
|
| 040 |
|
|
|a ABA001
|b cze
|e rda
|
| 072 |
|
7 |
|a 94(100)
|x Světové dějiny
|2 Konspekt
|9 8
|
| 072 |
|
7 |
|a 0/9-053.2
|x Literatura pro děti a mládež (naučná)
|2 Konspekt
|9 26
|
| 080 |
|
|
|a 94(100)
|2 MRF
|
| 080 |
|
|
|a 929-058.1
|2 MRF
|
| 080 |
|
|
|a (03/09)741.52
|2 MRF
|
| 080 |
|
|
|a (0.053.2)
|2 MRF
|
| 100 |
1 |
|
|a Chlud, Tomáš,
|d 1976-
|7 xx0070463
|4 aut
|4 ill
|
| 245 |
1 |
0 |
|a Cyril a Mikuláš /
|c Tomáš Chlud
|
| 264 |
|
1 |
|a Vrchlabí :
|b Green Mango s.r.o.,
|c 2024
|
| 300 |
|
|
|a 101 stran :
|b barevné ilustrace ;
|c 30 cm
|
| 336 |
|
|
|a text
|b txt
|2 rdacontent
|
| 336 |
|
|
|a statický obraz
|b sti
|2 rdacontent
|
| 337 |
|
|
|a bez média
|b n
|2 rdamedia
|
| 338 |
|
|
|a svazek
|b nc
|2 rdacarrier
|
| 650 |
0 |
7 |
|a světové dějiny
|7 ph117271
|2 czenas
|
| 650 |
0 |
7 |
|a osobnosti
|7 ph115615
|2 czenas
|
| 650 |
0 |
9 |
|a world history
|2 eczenas
|
| 650 |
0 |
9 |
|a celebrities
|2 eczenas
|
| 655 |
|
7 |
|a naučné komiksy
|7 fd1058479
|2 czenas
|
| 655 |
|
7 |
|a publikace pro mládež
|7 fd133157
|2 czenas
|
| 655 |
|
9 |
|a nonfiction comics
|2 eczenas
|
| 655 |
|
9 |
|a juvenile literature
|2 eczenas
|
| 910 |
2 |
|
|a BOA001
|b 4-1539.488
|
| 990 |
|
|
|a BK
|
| 995 |
|
|
|a 01
|
| 996 |
6 |
|
|b 2610995189
|c 4-1539.488
|l MZK
|r Sklad / do 1 hodiny
|n 0
|p p.v.
|w 001995506
|u 000010
|a 1
|e BOA001
|j MZK50
|s P
|